Современная математика в отблеске медалей Филдса (Запись № 30434)

Подробности
000 -МАРКЕР
контрольное поле 00902nam a2200265 c 4500
001 - КОНТРОЛЬНЫЙ НОМЕР ЗАПИСИ
контрольное поле 000030434
003 - ПРИНАДЛЕЖНОСТЬ КОНТРОЛЬНОГО НОМЕРА
контрольное поле RuMoIPM
005 - ДАТА И ВРЕМЯ ПОСЛЕДНЕЙ ТРАНЗАКЦИИ
контрольное поле 20260428121857.0
008 - ЭЛЕМЕНТЫ ДАННЫХ ФИКСИРОВАННОЙ ДЛИНЫ
контрольное поле 000823s2000 ru a||||||||||||||||rus d
020 ## - МЕЖДУНАРОДНЫЙ СТАНДАРТНЫЙ НОМЕР КНИГИ (ISBN)
международный стандартный номер книги 5-8037-0047-9
035 ## - КОНТРОЛЬНЫЙ НОМЕР СИСТЕМЫ
контрольный номер системы (RuMoBEN) 000048132
035 ## - КОНТРОЛЬНЫЙ НОМЕР СИСТЕМЫ
контрольный номер системы (RuMoBEN-CBP Bibliobus) 051185
035 ## - КОНТРОЛЬНЫЙ НОМЕР СИСТЕМЫ
контрольный номер системы (RuMoBEN Bibliobus) 083895
040 ## - ОРГАНИЗАЦИЯ-СОЗДАТЕЛЬ ЗАПИСИ
организация-создатель исходной библиографической записи RuMoBEN
язык каталогизации rus
правила каталогизации rcr
041 ## - КОД ЯЗЫКА
код языка текста Русский
044 ## - КОД СТРАНЫ ПУБЛИКАЦИИ/ИЗГОТОВЛЕНИЯ
MARC код страны публикации/изготовления Российская Федерация
080 ## - ИНДЕКС УНИВЕРСАЛЬНОЙ ДЕСЯТИЧНОЙ КЛАССИФИКАЦИИ
индекс Универсальной десятичной классификации 51(09)
100 1# - ИМЯ ЛИЦА КАК ОСНОВНОЙ ПОИСКОВЫЙ ПРИЗНАК
имя лица Монастырский, Михаил Ильич
245 00 - ОБЛАСТЬ ЗАГЛАВИЯ И СВЕДЕНИЙ ОБ ОТВЕТСТВЕННОСТИ
заглавие Современная математика в отблеске медалей Филдса
сведения об ответственности и т. д М. И. Монастырский
260 ## - ОБЛАСТЬ ВЫХОДНЫХ ДАННЫХ
место публикации, распространения, изготовления и т. д Москва
издательство, издатель, распространитель и т. д Янус-К
дата издания, распространения и т. д 2000
300 ## - ОБЛАСТЬ КОЛИЧЕСТВЕННОЙ ХАРАКТЕРИСТИКИ
объём 197 с.
504 ## - ПРИМЕЧАНИЕ О НАЛИЧИИ БИБЛИОГРАФИЧЕСКИХ ПЕРЕЧНЕЙ И ССЫЛОК
текст примечания Библиогр. : с. 191-197
600 1# - ИМЯ ЛИЦА КАК ДОБАВОЧНЫЙ ПРЕДМЕТНЫЙ ПОИСКОВЫЙ ПРИЗНАК (ПЕРСОНАЛИЯ)
имя лица Филдс, Джон Чарльз
даты, относящиеся к имени 1863-1932
942 ## - ДАННЫЕ О ЗАПИСИ (KOHA)
Тип экземпляра (KOHA) Книга
Экземпляры
Статус выдачи Библиотека держатель Текущая библиотека Местонахождение Шифр хранения Тип экземпляра
  Институт прикладной математики им. М.В. Келдыша Институт прикладной математики им. М.В. Келдыша Миусская 51 / М 77 Книга
  Институт прикладной математики им. М.В. Келдыша Институт прикладной математики им. М.В. Келдыша     Книга